Faculty of Law Library — Cairo University

Official Online Catalog

الخبرة كوسيلة إثبات أمام القاضي الإداري (دراسة مقارنة) / (Record no. 65969)

MARC details
000 -LEADER
fixed length control field 05238nam a22004937a 4500
003 - CONTROL NUMBER IDENTIFIER
control field EG-GICUC
005 - أخر تعامل مع التسجيلة
control field 20260310124230.0
008 - FIXED-LENGTH DATA ELEMENTS--GENERAL INFORMATION
fixed length control field 260310s2025 ua ||||f m||| 000 0 ara d
040 ## - CATALOGING SOURCE
Original cataloguing agency EG-GICUC
Transcribing agency EG-GICUC
Modifying agency EG-GICUC
Description conventions rda
Language of cataloging: ara
041 0# - LANGUAGE CODE
Language code of text/sound track or separate title ara
Language code of summary or abstract ara
Language code of sung or spoken text ara
049 ## - Acquisition Source
Acquisition Source إهداء
082 04 - DEWEY DECIMAL CLASSIFICATION NUMBER
Classification number 345
Edition number 21
097 ## - Degree
Degree Ph.D
099 ## - LOCAL FREE-TEXT CALL NUMBER (OCLC)
Local Call Number Law 07 PHD 2025
100 0# - MAIN ENTRY--PERSONAL NAME
Authority record control number or standard number علاء محمد محمود إبراهيم
Preparation مؤلف.
245 10 - TITLE STATEMENT
Title الخبرة كوسيلة إثبات أمام القاضي الإداري (دراسة مقارنة) /
Statement of responsibility, etc. إعداد علاء محمد محمود إبراهيم؛ إشراف الأستاذ الدكتور رأفت إبراهيم فودة.
264 #0 - PRODUCTION, PUBLICATION, DISTRIBUTION, MANUFACTURE, AND COPYRIGHT NOTICE
Place of production, publication, distribution, manufacture الجيزة :
Name of producer, publisher, distributor, manufacturer كلية الحقوق - جامعة القاهرة،
Date of production, publication, distribution, manufacture, or copyright notice 2025.
300 ## - PHYSICAL DESCRIPTION
Extent 550 صفحة :
Dimensions 25 سم.
336 ## - CONTENT TYPE
Content type term text
Source rda content
337 ## - MEDIA TYPE
Media type term Computer
Source rda media
338 ## - CARRIER TYPE
Carrier type term Online Resource
Source rda carrier
502 ## - DISSERTATION NOTE
Dissertation note أطروحة (دكتوراه) - جامعة القاهرة -كلية الحقوق - قسم قانون اداري، 2025.
504 ## - BIBLIOGRAPHY, ETC. NOTE
Bibliography, etc. note يشتمل على إرجاعات بيبليوجرافية: 553- 592صفحة
520 3# - SUMMARY, ETC.
Summary, etc. خلصت الدراسة إلى أن الخبرة قد عدت في وقتنا الحاضر من أهم وسائل الإثبات التي يلجأ إليها القاضي الإداري للفصل في الدعاوي المعروضة عليه، فقد يصطدم بمسائل فنية يكون إسناد تحقيقها إلى أهل العلم والمعرفة أمرا ضروريا لا مقر منه، ومن ثم تكمن الغاية من استخدام الخبرة القضائية في الحصول على معلومات فنية بشأن المسائل التي تعرض على القاضي الإداري، ولا يستطيع العلم بها فيلجأ إلى الخبرة لأن المحكمة لا يجوز لها أن تقضي في المسائل العملية أو الفنية التي تجهلها، ومن المسلم به أن الخبرة ترتكز على العلم والمعرفة فهي بالتالي - تتطور مع التطور العلمي والتقني بمجالاتها المختلفة، مما يستوجب وجود مختصين يواكبون هذا التطور بكافة مجالاته ويكون على دراية كافية به، حتى يكون التقرير المطالب بإنجازه متكاملا، ويعطي صورة حقيقية للقاضي الإداري حول النزاع المطروح أمامه وطوائف المتخصصين هؤلاء يندرجون<br/><br/>قانونيا تحت اسم "الخبراء" وما يقومون به يطلق عليه اسم الخبرة". فهناك شروط يجب وافرها فيمن تعهد إليه السلطة القضائية بمعاونتها في تلك المسائل الفنية. كما تم الكشف عن الأحوال التي يصح فيها للقاضي قبول الخبرة كوسيلة إثبات في الدعوى الإدارية وإجراءات ندبه فالخبير لا يقدم رأيه في الدعوى من تلقاء نفسه ولكن لابد من صدور حكم بندبه وبعد انتهاء الخبير من مأموريته يقدم تقريراً كتابيا أو شفويا تبعا الموضوع الخبرة. وتم إيضاح الآثار القانونية التي تترتب على أعمال الخبير، ومدى قوة تقريره في الإثبات وسلطة القاضي الإداري في الأخذ به أو طرحه جانبا، وبينا الآثار القانونية المترتبة على مخالفة القواعد التي أوجبها المشرع لتنفيذ أعمال الخبير وما يشوبها من بطلان وتم بيان حقوق الخبير ومسؤولياته، فيحق للخبير أن يحصل على أتعابه المستحقة ومصاريفه التي يتطلبها أداء أعماله، وهناك حدودا معينة للخبير لا يجوز تجاوزها فإن حدث ذلك وأصاب الخصوم بضرر ما فيمكن مساءلته.
546 ## - LANGUAGE NOTE
Text Language النص بالعربية والملخص باللغة الإنجليزية والعربية.
650 04 - SUBJECT ADDED ENTRY--TOPICAL TERM
Topical term or geographic name entry element القانون الإداري
653 #0 - INDEX TERM--UNCONTROLLED
Uncontrolled term تأديب الخبراء
653 #0 - INDEX TERM--UNCONTROLLED
Uncontrolled term حقوق الخبير
653 #0 - INDEX TERM--UNCONTROLLED
Uncontrolled term حجية رأي الخبير في الإثبات
653 #0 - INDEX TERM--UNCONTROLLED
Uncontrolled term أحوال قبول الخبرة
653 #0 - INDEX TERM--UNCONTROLLED
Uncontrolled term ندب الخبراء
653 #0 - INDEX TERM--UNCONTROLLED
Uncontrolled term رد الخبير
653 #0 - INDEX TERM--UNCONTROLLED
Uncontrolled term الصلاحية العلمية والفنية للخبير
653 #0 - INDEX TERM--UNCONTROLLED
Uncontrolled term الطبيعة القانونية للخبرة
653 #0 - INDEX TERM--UNCONTROLLED
Uncontrolled term الخبرة وسيلة إثبات
653 #0 - INDEX TERM--UNCONTROLLED
Uncontrolled term التمييز بين الخبرة والوسائل المشابهة
655 #4 - INDEX TERM--GENRE/FORM
Genre/form data or focus term رسائل جامعية
Geographic subdivision جامعة القاهرة
700 0# - ADDED ENTRY--PERSONAL NAME
Personal name رأفت إبراهيم فودة
Relator term مشرف.
710 2# - ADDED ENTRY--CORPORATE NAME
Corporate name or jurisdiction name as entry element جامعة القاهرة
Subordinate unit كلية الحقوق
856 ## - ELECTRONIC LOCATION AND ACCESS
Uniform Resource Identifier <a href="https://fll.law.cu.edu.eg/fulltext/th/T07-02269.pdf">https://fll.law.cu.edu.eg/fulltext/th/T07-02269.pdf</a>
900 ## - Thesis Information
Grant date 2025
Universities جامعة القاهرة
Faculties كلية الحقوق
Department قسم القانون الإداري
905 ## - Cataloger and Reviser Names
Cataloger Name: Hoda
942 ## - ADDED ENTRY ELEMENTS (KOHA)
Source of classification or shelving scheme Dewey Decimal Classification
Suppress in OPAC No
Koha item type Thesis
Edition 21
Holdings
Source of classification or shelving scheme Collection Home library Current library Date acquired Full call number Barcode Date last seen Copy number Effective from Koha item type
Dewey Decimal Classification القانون الإداري جــــامعة القــاهرة مكتبة كلية الحقوق - المبنى الرئيسي 10.03.2026 Law1 07 PHD 2025 0702269 C1 T07-02269 10.03.2026 1 10.03.2026 Thesis
Dewey Decimal Classification القانون الإداري جــــامعة القــاهرة مكتبة كلية الحقوق - المبنى الرئيسي 10.03.2026 Law1 07 PHD 2025 0702274 C2 T07-02274 10.03.2026 2 10.03.2026 Thesis
Dewey Decimal Classification القانون الإداري جــــامعة القــاهرة مكتبة كلية الحقوق - فـرع الشيخ زايد 10.03.2026 Law2 07 PHD 2025 0702275 C3 T07-02275 10.03.2026 3 10.03.2026 Thesis

© All rights reserved — Faculty of Law, Cairo University